000 00603nam a22002177a 4500
003 UA-OsUOA
001 39027
007 ta
008 20060605b un ||||| |||| 00| 0 ukr d
090 _a213
_bН34
942 _cBK
040 _aUA-OsUOA
_brus
_cUA-OsUOA
_dUA-OsUOA
245 _aНаучный креационизм
300 _a223 с.
955 _a4
041 _arus
080 _a213
260 _c1999
650 7 _a21 Природна теологія. Теодицея (Бог). Раціональна теологія Релігійна філософія
_2UDC
999 _c325173
_d325173